[Event "Edmonton int."]
[Site "Edmonton CAN"]
[Date "2014.06.28"]
[Round "8.3"]
[White "Kovalyov, Anton"]
[Black "Pechenkin, Vladimir"]
[Result "1-0"]
[WhiteElo "2636"]
[BlackElo "2311"]
[PlyCount "95"]
[GameId "2160767909094901"]
[EventDate "2014.06.21"]
[EventType "tourn"]
[EventRounds "9"]
[EventCountry "CAN"]
[EventCategory "10"]

1. Nf3 e6 2. g3 f5 3. Bg2 Nf6 4. O-O Be7 5. b3 O-O 6. Bb2 d6 7. d4 Qe8 8. Ne1 Qh5 9. Nd3 Ng4 10. h3 Nf6 11. Nd2 Nc6 12. c4 Nd8 13. Qe1 Nf7 14. Nf4 Qh6 15. Nd3 Ng5 16. h4 Nge4 17. Bc1 Qg6 18. f3 Nxd2 19. Bxd2 Nh5 20. Kh2 Bf6 21. Bc3 c5 22. g4 cxd4 23. gxh5 Qxh5 24. Bd2 Bxh4 25. Qc1 e5 26. Rh1 Bf2+ 27. Bh3 Qh4 28. Kg2 Qg3+ 29. Kf1 Be3 30. Bxe3 dxe3 31. Qe1 Qg5 32. f4 exf4 33. Bg2 Rf6 34. Bf3 Bd7 35. Rh5 Qg3 36. Qxg3 fxg3 37. Bxb7 Raf8 38. Nf4 h6 39. Rh3 g5 40. Rxg3 Kh8 41. Nd3 f4 42. Rg1 g4 43. Rd1 f3 44. Ne5 dxe5 45. Rxd7 R6f7 46. Rxf7 Rxf7 47. Bc8 h5 48. Rh1 1-0

[Event "Quebec op"]
[Site "Montreal CAN"]
[Date "2013.07.22"]
[Round "3"]
[White "Kleinman, Michael"]
[Black "Kovalyov, Anton"]
[Result "0-1"]
[WhiteElo "2298"]
[BlackElo "2606"]
[PlyCount "72"]
[GameId "2160767909296956"]
[EventDate "2013.07.21"]
[EventType "swiss"]
[EventRounds "9"]
[EventCountry "CAN"]
[SourceTitle "EXT 2014"]
[Source "ChessBase"]
[SourceDate "2013.11.20"]
[SourceVersion "1"]
[SourceVersionDate "2013.11.20"]
[SourceQuality "1"]

1. e4 c5 2. Nf3 d6 3. d4 cxd4 4. Qxd4 a6 5. h3 Nc6 6. Qe3 g6 7. c4 Bg7 8. Be2 Nf6 9. O-O O-O 10. Nc3 Rb8 11. Rd1 Nd7 12. Rb1 Qa5 13. Bd2 Qc5 14. Qf4 Nde5 15. Nd5 f5 16. Be3 Qa5 17. Bb6 Qxa2 18. Nxe5 Bxe5 19. Qh4 e6 20. Ne7+ Kg7 21. Nxc6 bxc6 22. c5 d5 23. exf5 Rxf5 24. Bd3 Rf7 25. Bc2 Rxb6 26. cxb6 Qa5 27. Qd8 Qc5 28. Rd2 Rf8 29. Qh4 Bf4 30. Re2 Qc4 31. Qe7+ Rf7 32. b7 Bd7 33. Rxe6 Qxc2 34. Rbe1 Bxe6 35. Qb4 Bb8 36. Qd4+ Kg8 0-1

[Event "Quebec op"]
[Site "Montreal CAN"]
[Date "2013.07.24"]
[Round "5"]
[White "Sokolov, Ivan"]
[Black "Kovalyov, Anton"]
[Result "0-1"]
[WhiteElo "2650"]
[BlackElo "2606"]
[PlyCount "106"]
[GameId "2160767909296993"]
[EventDate "2013.07.21"]
[EventType "swiss"]
[EventRounds "9"]
[EventCountry "CAN"]
[SourceTitle "EXT 2014"]
[Source "ChessBase"]
[SourceDate "2013.11.20"]
[SourceVersion "1"]
[SourceVersionDate "2013.11.20"]
[SourceQuality "1"]

1. d4 Nf6 2. c4 e6 3. Nc3 Bb4 4. e3 b6 5. Nge2 c5 6. a3 Ba5 7. Bd2 O-O 8. Ng3 d5 9. cxd5 cxd4 10. exd4 Bxc3 11. bxc3 exd5 12. Be2 Re8 13. O-O Ba6 14. Bxa6 Nxa6 15. Qa4 Nc7 16. Rfe1 Qd7 17. Qxd7 Nxd7 18. Nf5 Nf6 19. f3 Rxe1+ 20. Bxe1 Re8 21. Kf2 Ne6 22. g3 g6 23. Ne3 Kf8 24. a4 Ke7 25. Ke2 Kd6 26. g4 Kc6 27. Bg3 h5 28. Kd3 hxg4 29. fxg4 Ne4 30. Nxd5 N6c5+ 31. dxc5 Nxc5+ 32. Kc2 Kxd5 33. Rd1+ Kc6 34. Rd6+ Kb7 35. Rf6 Re2+ 36. Kc1 Nxa4 37. Rxf7+ Ka6 38. c4 Nc3 39. Bb8 Ka5 40. Rxa7+ Kb4 41. Re7 Na2+ 42. Kd1 Nc3+ 43. Kc1 Rg2 44. Be5 Na2+ 45. Kd1 Kxc4 46. Rc7+ Kd3 47. Rd7+ Ke4 48. Bc7 Nc3+ 49. Ke1 b5 50. Ba5 Nd5 51. Rb7 Kf3 52. Kd1 Ne3+ 53. Kc1 Rg1+ 0-1

[Event "Quebec op"]
[Site "Montreal CAN"]
[Date "2013.07.25"]
[Round "6"]
[White "Kovalyov, Anton"]
[Black "Rozentalis, Eduardas"]
[Result "1/2-1/2"]
[WhiteElo "2606"]
[BlackElo "2619"]
[PlyCount "91"]
[GameId "2160767909296998"]
[EventDate "2013.07.21"]
[EventType "swiss"]
[EventRounds "9"]
[EventCountry "CAN"]
[SourceTitle "EXT 2014"]
[Source "ChessBase"]
[SourceDate "2013.11.20"]
[SourceVersion "1"]
[SourceVersionDate "2013.11.20"]
[SourceQuality "1"]

1. c4 Nf6 2. Nf3 e6 3. g3 b6 4. Bg2 Be7 5. O-O Bb7 6. Nc3 O-O 7. Re1 Ne4 8. Nxe4 Bxe4 9. d3 Bb7 10. e4 c5 11. d4 cxd4 12. Nxd4 a6 13. Be3 Nc6 14. Ne2 Rc8 15. Rc1 b5 16. c5 d6 17. cxd6 Bxd6 18. f4 Bb4 19. Qxd8 Rfxd8 20. Red1 Rxd1+ 21. Rxd1 Nb8 22. Nc1 Kf8 23. Nb3 Ke8 24. a3 Be7 25. Bd4 g6 26. Rd2 Nd7 27. e5 Bxg2 28. Kxg2 h5 29. Kf3 Rc4 30. Na5 Rc7 31. b4 Rc1 32. Bb2 Rc7 33. Bd4 Rc1 34. Nb3 Rc4 35. Rd3 Rc2 36. Nd2 Kd8 37. Ke2 Kc8 38. Kd1 Rc6 39. Nf3 Bd8 40. Be3 Rc4 41. Nd2 Rc6 42. Ne4 Be7 43. Kd2 Kc7 44. Kd1 Kc8 45. Kd2 Kc7 46. Kd1 1/2-1/2

[Event "Quebec op"]
[Site "Montreal CAN"]
[Date "2013.07.26"]
[Round "7"]
[White "Bruzon Batista, Lazaro"]
[Black "Kovalyov, Anton"]
[Result "1/2-1/2"]
[WhiteElo "2691"]
[BlackElo "2606"]
[PlyCount "80"]
[GameId "2160767909297006"]
[EventDate "2013.07.21"]
[EventType "swiss"]
[EventRounds "9"]
[EventCountry "CAN"]
[SourceTitle "EXT 2014"]
[Source "ChessBase"]
[SourceDate "2013.11.20"]
[SourceVersion "1"]
[SourceVersionDate "2013.11.20"]
[SourceQuality "1"]

1. d4 Nf6 2. c4 e6 3. Nf3 b6 4. g3 c6 5. Bg2 d5 6. O-O Be7 7. Nc3 O-O 8. b3 Ba6 9. Nd2 Nbd7 10. Bb2 b5 11. cxb5 cxb5 12. a3 Nb6 13. Nf3 Qc8 14. Rc1 Qb7 15. Na2 Rfc8 16. Nb4 Rxc1 17. Qxc1 Rc8 18. Qb1 Nbd7 19. Qd3 Qb6 20. Nxa6 Qxa6 21. Nd2 Qb6 22. e3 a6 23. Bf3 g6 24. Kg2 Bd6 25. Rc1 Rxc1 26. Bxc1 Qc7 27. Bb2 Nb6 28. Bd1 Be7 29. Qc2 Qxc2 30. Bxc2 Nfd7 31. Kf3 f5 32. Ke2 Kf7 33. f3 Nb8 34. g4 Bd6 35. h3 Nc6 36. e4 Ne7 37. e5 Bc7 38. f4 Bd8 39. Nf3 Nc6 40. g5 Be7 1/2-1/2

[Event "Quebec op"]
[Site "Montreal CAN"]
[Date "2013.07.27"]
[Round "8"]
[White "Kovalyov, Anton"]
[Black "Arencibia Rodriguez, Walter"]
[Result "1-0"]
[WhiteElo "2606"]
[BlackElo "2526"]
[PlyCount "119"]
[GameId "2160767909305210"]
[EventDate "2013.07.21"]
[EventType "swiss"]
[EventRounds "9"]
[EventCountry "CAN"]
[SourceTitle "EXT 2014"]
[Source "ChessBase"]
[SourceDate "2013.11.20"]
[SourceVersion "1"]
[SourceVersionDate "2013.11.20"]
[SourceQuality "1"]

1. c4 e5 2. Nc3 d6 3. g3 f5 4. Bg2 Nf6 5. d4 Be7 6. e3 O-O 7. Nge2 Na6 8. O-O c6 9. Rb1 Nc7 10. b4 Be6 11. b5 Bxc4 12. bxc6 b5 13. a4 a6 14. d5 Rb8 15. Rb4 Qe8 16. axb5 axb5 17. Rxc4 bxc4 18. Qa4 Qf7 19. Qxc4 Kh8 20. Rd1 Rb6 21. f3 Rfb8 22. Qd3 Qh5 23. e4 fxe4 24. fxe4 Rb3 25. Rf1 Bd8 26. h3 Qg6 27. Rf5 Nce8 28. Kh2 Ba5 29. Qc2 Nc7 30. Nd1 Bb6 31. Bd2 Rb1 32. Rg5 Qe8 33. Rf5 Qc8 34. Bc3 Qa6 35. Rf1 Bc5 36. Nc1 Qc4 37. Re1 Qb5 38. Nd3 Ba3 39. Bb2 Rxb2 40. N1xb2 Qb3 41. Re2 Qxc2 42. Rxc2 Rb3 43. Rd2 Bxb2 44. Nxb2 Rb4 45. Rc2 Kg8 46. Nc4 Nfe8 47. Bf1 Kf8 48. Kg2 Ke7 49. Rb2 Rxb2+ 50. Nxb2 Na8 51. Nc4 Kd8 52. Kf3 Kc7 53. Kg4 Kd8 54. h4 Ke7 55. Kf3 Kd8 56. Bh3 Kc7 57. Bf5 Nf6 58. g4 h6 59. Bg6 Nb6 60. Ne3 1-0

[Event "Quebec op inv."]
[Site "Montreal CAN"]
[Date "2013.07.21"]
[Round "2.16"]
[White "Kovalyov, Anton"]
[Black "Morin, Yves"]
[Result "1-0"]
[WhiteElo "2606"]
[BlackElo "2185"]
[PlyCount "75"]
[GameId "2160767739316929"]
[EventDate "2013.07.21"]
[EventType "swiss"]
[EventRounds "9"]
[EventCountry "CAN"]
[TimeControl "240+2"]

1. c4 d6 2. d4 Nf6 3. Nf3 Bg4 4. Qb3 Qc8 5. g3 c6 6. Bg2 Nbd7 7. h3 Bxf3 8. Bxf3 g6 9. Bg2 Bg7 10. O-O O-O 11. Nc3 Qc7 12. Be3 Rfe8 13. Rac1 a6 14. Rfd1 Rab8 15. a3 h6 16. Qa2 a5 17. Qb3 Ra8 18. Na4 Ra6 19. d5 c5 20. Nc3 Rea8 21. a4 Rc8 22. f4 Ne8 23. Bd2 Qd8 24. e3 Nc7 25. Be1 Raa8 26. Qc2 Na6 27. g4 Nb4 28. Qe2 Qb6 29. h4 Na6 30. g5 hxg5 31. hxg5 Re8 32. Bh3 Rad8 33. Ra1 Nf8 34. Ra3 Nc7 35. Qc2 Na6 36. Rb3 Nb4 37. Qh2 Ra8 38. Ne4 1-0

[Event "Quebec op inv."]
[Site "Montreal CAN"]
[Date "2013.07.28"]
[Round "9.3"]
[White "Sulskis, Sarunas"]
[Black "Kovalyov, Anton"]
[Result "1/2-1/2"]
[WhiteElo "2559"]
[BlackElo "2606"]
[PlyCount "238"]
[GameId "2160767909305382"]
[EventDate "2013.07.21"]
[EventType "swiss"]
[EventRounds "9"]
[EventCountry "CAN"]

1. e4 c5 2. Nf3 d6 3. d4 cxd4 4. Nxd4 Nf6 5. Nc3 a6 6. Bg5 Nbd7 7. f4 Qc7 8. Qe2 e5 9. Nf5 h6 10. Bh4 exf4 11. O-O-O g5 12. Bf2 Ne5 13. h4 Rg8 14. hxg5 hxg5 15. Bd4 b5 16. a3 Be6 17. Kb1 Rb8 18. Rh3 Qc6 19. Bxe5 dxe5 20. Nd5 Nd7 21. Rc3 Bxd5 22. Rxc6 Bxc6 23. Qd3 Rg6 24. Be2 Re6 25. Qc3 Rc8 26. Bg4 Kd8 27. Ng3 b4 28. Qb3 fxg3 29. Bxe6 fxe6 30. Qxe6 Kc7 31. axb4 Rb8 32. Rf1 Bxb4 33. Rf7 Bd6 34. Rg7 Rb4 35. Rxg5 Rxe4 36. Rxg3 Rd4 37. b3 e4 38. Rc3 Nc5 39. Qf6 Rd5 40. b4 Be5 41. Qe7+ Nd7 42. Rxc6+ Kxc6 43. Qe6+ Rd6 44. Qc4+ Kb6 45. Qxe4 Rd4 46. Qe3 Kc7 47. c3 Rd6 48. Qa7+ Kd8 49. Qa8+ Ke7 50. Kc2 Rb6 51. g4 Kd6 52. Qe4 Nf6 53. Qd3+ Kc7 54. g5 Nd7 55. Qe4 Rc6 56. c4 Rb6 57. Qe1 Rd6 58. c5 Rd4 59. Qe2 Rxb4 60. Qxa6 Rb2+ 61. Kd1 Nxc5 62. Qa7+ Kd6 63. g6 Bc3 64. Qa3 Be5 65. Qf3 Ne6 66. Qa3+ Kd5 67. Qf3+ Kd6 68. Qa3+ Nc5 69. Qf3 Rb7 70. Qf8+ Re7 71. Qb8+ Ke6 72. Qg8+ Kd6 73. Qb8+ Kd5 74. Qa8+ Rb7 75. Ke2 Ke4 76. Kf2 Kd4 77. Kf3 Rg7 78. Qc6 Rd7 79. Kg4 Bg7 80. Qb6 Kd5 81. Kf5 Rd6 82. Qa5 Rf6+ 83. Kg5 Ra6 84. Qd8+ Ke4 85. Qc8 Ne6+ 86. Kg4 Rd6 87. Qc2+ Kd5 88. Qb3+ Kc6 89. Qa4+ Kb6 90. Qb4+ Kc7 91. Qa5+ Kd7 92. Kf5 Nd4+ 93. Kg5 Ke6 94. Qe1+ Be5 95. Qe4 Rd7 96. Qg4+ Kd6 97. Qd1 Ke7 98. Qa4 Bf6+ 99. Kg4 Bg7 100. Qa3+ Kf6 101. Qa6+ Ne6 102. Qf1+ Ke7 103. Qf7+ Kd6 104. Qf3 Rc7 105. Qa3+ Rc5 106. Qa6+ Ke5 107. Qa1+ Kd5 108. Qa8+ Ke5 109. Qa1+ Ke4 110. Qh1+ Kd4 111. Qd1+ Kc4 112. Qa4+ Kd5 113. Qa8+ Kd6 114. Qa6+ Ke7 115. Qa7+ Kf6 116. Qf7+ Ke5 117. Qf5+ Kd6 118. Qb1 Rg5+ 119. Kf3 Ke5 1/2-1/2

[Event "Ahuntsic"]
[Site "Montreal CAN"]
[Date "2013.04.07"]
[Round "2"]
[White "Kovalyov, Anton"]
[Black "Bolduc, Steve"]
[Result "1-0"]
[WhiteElo "2323"]
[BlackElo "2041"]
[PlyCount "55"]
[GameId "2160767909364634"]
[EventDate "2013.04.07"]
[EventType "swiss (rapid)"]
[EventRounds "5"]
[EventCountry "CAN"]

1. c4 c5 2. Nf3 Nf6 3. Nc3 e6 4. g3 b6 5. Bg2 Bb7 6. O-O Be7 7. d4 cxd4 8. Qxd4 d6 9. Rd1 a6 10. Bg5 Nbd7 11. Qd2 O-O 12. Bf4 Ne8 13. Rac1 Qc7 14. b3 Rd8 15. Qe3 Nef6 16. Nd5 exd5 17. Qxe7 Rfe8 18. cxd5 Qb8 19. Qxd6 Qa8 20. Nd4 Nxd5 21. Nc6 Bxc6 22. Qxc6 Qxc6 23. Rxc6 N7f6 24. Bg5 h6 25. Bxf6 Nxf6 26. Rxd8 Rxd8 27. Bf3 Rd2 28. a4 1-0

[Event "Carnaval"]
[Site "Quebec CAN"]
[Date "2013.02.16"]
[Round "2"]
[White "Kovalyov, Anton"]
[Black "Arsenault, Nicolas"]
[Result "1-0"]
[WhiteElo "2585"]
[BlackElo "2090"]
[PlyCount "71"]
[GameId "2160767909381702"]
[EventDate "2013.02.15"]
[EventType "swiss"]
[EventRounds "5"]
[EventCountry "CAN"]
[SourceTitle "EXT 2022"]
[Source "ChessBase"]
[SourceDate "2021.10.06"]
[SourceVersion "1"]
[SourceVersionDate "2021.10.06"]
[SourceQuality "1"]

1. c4 Nf6 2. Nc3 e5 3. Nf3 Nc6 4. a3 d5 5. cxd5 Nxd5 6. Qc2 Be6 7. e3 Bd6 8. Bd3 h6 9. b4 O-O 10. Bb2 a6 11. Nxd5 Bxd5 12. Bc4 Bxc4 13. Qxc4 Qe7 14. Nh4 Qg5 15. g3 Qh5 16. h3 Rae8 17. d3 Kh7 18. Qg4 Qxg4 19. hxg4 e4 20. Nf5 Be5 21. d4 Bf6 22. Rc1 Rd8 23. Rc5 Rd7 24. g5 Bxg5 25. d5 Ne7 26. Bxg7 Rg8 27. Bxh6 Nxf5 28. Bxg5+ Kg6 29. Bf4 Rgd8 30. g4 Nd6 31. Rh6+ Kg7 32. g5 Re8 33. Ke2 Ree7 34. Rxc7 Nf5 35. Rxd7 Rxd7 36. Be5+ 1-0

[Event "Carnaval"]
[Site "Quebec CAN"]
[Date "2013.02.16"]
[Round "3"]
[White "Berube, Antoine"]
[Black "Kovalyov, Anton"]
[Result "0-1"]
[WhiteElo "2586"]
[BlackElo "2277"]
[PlyCount "90"]
[GameId "2160767909381703"]
[EventDate "2013.02.15"]
[EventType "swiss"]
[EventRounds "5"]
[EventCountry "CAN"]
[SourceTitle "EXT 2022"]
[Source "ChessBase"]
[SourceDate "2021.10.06"]
[SourceVersion "1"]
[SourceVersionDate "2021.10.06"]
[SourceQuality "1"]

1. d4 Nf6 2. c4 e6 3. Nc3 Bb4 4. Nf3 b6 5. Bg5 h6 6. Bh4 g5 7. Bg3 Ne4 8. Qc2 Bxc3+ 9. bxc3 Nxg3 10. hxg3 Bb7 11. e4 Qe7 12. Bd3 Nc6 13. O-O-O O-O-O 14. Nd2 d6 15. Nf1 h5 16. Ne3 h4 17. gxh4 gxh4 18. Rh2 Qg5 19. Rdh1 Ne7 20. g3 Ng6 21. Rg1 hxg3 22. Rxg3 Qf4 23. Rhg2 Rh1+ 24. Kb2 Nh4 25. Rg1 Rxg1 26. Rxg1 Nf3 27. Rg4 Qf6 28. Qe2 c5 29. Rg3 Nh4 30. Nc2 Kc7 31. Qe3 e5 32. Qg5 Qxg5 33. Rxg5 Ng6 34. Rf5 Rf8 35. Ne3 cxd4 36. cxd4 exd4 37. Nd5+ Kd7 38. Kc2 Bxd5 39. cxd5 Rc8+ 40. Kd2 Ke7 41. Be2 Rc3 42. Bh5 Ne5 43. f4 Nc4+ 44. Ke1 f6 45. Be2 d3 0-1

[Event "Carnaval"]
[Site "Quebec CAN"]
[Date "2013.02.17"]
[Round "4"]
[White "Kovalyov, Anton"]
[Black "Hamilton, Robert"]
[Result "1-0"]
[WhiteElo "2586"]
[BlackElo "2304"]
[PlyCount "59"]
[GameId "2160767909381709"]
[EventDate "2013.02.15"]
[EventType "swiss"]
[EventRounds "5"]
[EventCountry "CAN"]
[SourceTitle "EXT 2022"]
[Source "ChessBase"]
[SourceDate "2021.10.06"]
[SourceVersion "1"]
[SourceVersionDate "2021.10.06"]
[SourceQuality "1"]

1. c4 c6 2. d4 d5 3. Nf3 Nf6 4. e3 a6 5. Bd3 dxc4 6. Bxc4 e6 7. O-O c5 8. a4 Nc6 9. Qe2 cxd4 10. Rd1 Be7 11. exd4 O-O 12. Nc3 Nb4 13. Bg5 Bd7 14. Ne5 Bc6 15. Nxc6 bxc6 16. a5 Nfd5 17. Bxe7 Qxe7 18. Ne4 Rfd8 19. Nc5 Ra7 20. Ra4 Qf6 21. g3 Qf5 22. Qd2 Rb8 23. Rc1 h5 24. Bf1 e5 25. Rc4 g6 26. Raxb4 Nxb4 27. Rxb4 Rd8 28. Qc3 Rd5 29. dxe5 Ra8 30. Rf4 1-0

[Event "Carnaval"]
[Site "Quebec CAN"]
[Date "2013.02.17"]
[Round "5"]
[White "Larochelle, Martial"]
[Black "Kovalyov, Anton"]
[Result "0-1"]
[WhiteElo "2186"]
[BlackElo "2586"]
[PlyCount "84"]
[GameId "2160767909381711"]
[EventDate "2013.02.15"]
[EventType "swiss"]
[EventRounds "5"]
[EventCountry "CAN"]
[SourceTitle "EXT 2022"]
[Source "ChessBase"]
[SourceDate "2021.10.06"]
[SourceVersion "1"]
[SourceVersionDate "2021.10.06"]
[SourceQuality "1"]

1. d4 Nf6 2. c4 e6 3. Nc3 Bb4 4. e3 b6 5. Nge2 c5 6. a3 Ba5 7. Rb1 Na6 8. g3 Bb7 9. d5 b5 10. Bg2 bxc4 11. O-O O-O 12. e4 exd5 13. e5 Ng4 14. Nxd5 Nxe5 15. Bf4 Nc6 16. Qa4 Nc7 17. Nxc7 Bxc7 18. Qxc4 Bxf4 19. Nxf4 d6 20. Nd5 Rb8 21. Qa4 a5 22. Rfd1 Nd4 23. Qc4 Bc6 24. Rxd4 Bb5 25. Qc3 cxd4 26. Qxd4 Re8 27. b4 Bd7 28. Rd1 Ba4 29. Ra1 Bb3 30. bxa5 Qxa5 31. Nb4 Qe5 32. Qxe5 dxe5 33. Nc6 Rbc8 34. a4 e4 35. Nd4 Bc4 36. a5 Bd3 37. Nf5 Re5 38. Nd6 Rc6 39. a6 Rxa6 40. Rxa6 Bxa6 41. Nxe4 f5 42. Nd2 Re1+ 0-1

[Event "Quebec-ch Elite"]
[Site "Montreal CAN"]
[Date "2011.10.07"]
[Round "1"]
[White "Kovalyov, Anton"]
[Black "Libersan, Thierry"]
[Result "1-0"]
[WhiteElo "2599"]
[BlackElo "2119"]
[PlyCount "59"]
[GameId "2160767909648089"]
[EventDate "2011.10.07"]
[EventType "swiss"]
[EventRounds "7"]
[EventCountry "CAN"]
[SourceTitle "EXT 2022"]
[Source "ChessBase"]
[SourceDate "2021.10.06"]
[SourceVersion "1"]
[SourceVersionDate "2021.10.06"]
[SourceQuality "1"]

1. Nf3 c5 2. c4 Nf6 3. Nc3 b6 4. g3 Bb7 5. Bg2 e5 6. O-O d6 7. e3 Nbd7 8. Qa4 Be7 9. Nxe5 Bxg2 10. Nxd7 Bxf1 11. Nxf6+ Kf8 12. Nd7+ Kg8 13. Kxf1 a6 14. Nd5 b5 15. cxb5 Qxd7 16. Nb6 Qh3+ 17. Kg1 Ra7 18. Nd5 Qd7 19. b6 Rb7 20. Qxa6 h5 21. h3 Bd8 22. a4 Qc6 23. e4 c4 24. a5 f5 25. Qa8 Kh7 26. a6 Rxb6 27. Nxb6 Qxb6 28. a7 f4 29. Qd5 fxg3 30. Qf5+ 1-0

[Event "Quebec-ch Elite"]
[Site "Montreal CAN"]
[Date "2011.10.08"]
[Round "2"]
[White "Robichaud, Louis"]
[Black "Kovalyov, Anton"]
[Result "0-1"]
[WhiteElo "2157"]
[BlackElo "2599"]
[PlyCount "92"]
[GameId "2160767909648108"]
[EventDate "2011.10.07"]
[EventType "swiss"]
[EventRounds "7"]
[EventCountry "CAN"]
[SourceTitle "EXT 2022"]
[Source "ChessBase"]
[SourceDate "2021.10.06"]
[SourceVersion "1"]
[SourceVersionDate "2021.10.06"]
[SourceQuality "1"]

1. e4 c5 2. Nc3 a6 3. g3 b5 4. Bg2 Bb7 5. d3 e6 6. Nf3 d6 7. O-O Nd7 8. Qe2 Rc8 9. a4 b4 10. Nb1 Ne7 11. Nbd2 Nc6 12. c3 a5 13. d4 bxc3 14. bxc3 cxd4 15. Nxd4 Be7 16. Ba3 O-O 17. Nb5 Ba6 18. c4 Nc5 19. Bxc5 dxc5 20. e5 Nxe5 21. Rad1 Nc6 22. Bxc6 Rxc6 23. Ne4 Qe8 24. Rd3 Rb6 25. Rfd1 Qc6 26. Rd7 Rb7 27. R7d6 Bxd6 28. Rxd6 Bxb5 29. axb5 Qc8 30. Ra6 Rd7 31. Rxa5 Rd4 32. Ra6 Qc7 33. Nd2 Rd6 34. Ra1 Rfd8 35. Nf3 f6 36. Qe4 e5 37. Ra8 Rxa8 38. Qxa8+ Rd8 39. Qe4 Qd7 40. Ne1 Qd4 41. Qe2 e4 42. Nc2 Qd3 43. Kf1 Ra8 44. Ke1 Ra2 45. Qxd3 exd3 46. Ne3 Kf7 0-1

[Event "Quebec-ch Elite"]
[Site "Montreal CAN"]
[Date "2011.10.08"]
[Round "3"]
[White "Kovalyov, Anton"]
[Black "Jiang, Louie"]
[Result "1-0"]
[WhiteElo "2599"]
[BlackElo "2351"]
[PlyCount "114"]
[GameId "2160767909648121"]
[EventDate "2011.10.07"]
[EventType "swiss"]
[EventRounds "7"]
[EventCountry "CAN"]
[SourceTitle "EXT 2022"]
[Source "ChessBase"]
[SourceDate "2021.10.06"]
[SourceVersion "1"]
[SourceVersionDate "2021.10.06"]
[SourceQuality "1"]

1. c4 Nf6 2. Nf3 e6 3. g3 d5 4. Bg2 Be7 5. O-O O-O 6. b3 b6 7. Bb2 Bb7 8. cxd5 Bxd5 9. Qc2 c5 10. Rd1 Nbd7 11. Nc3 Bb7 12. d4 Rc8 13. e4 cxd4 14. Nxd4 Qc7 15. Qe2 Rfd8 16. Rac1 Bf8 17. f4 Qb8 18. e5 Ne8 19. Bxb7 Qxb7 20. Qg2 Qxg2+ 21. Kxg2 Nc5 22. b4 Nb7 23. a3 a5 24. b5 Rc4 25. Nc6 Rxd1 26. Nxd1 Rxc1 27. Bxc1 Nc5 28. Nc3 Nc7 29. Be3 Nd7 30. a4 Bc5 31. Kf3 h5 32. Bxc5 Nxc5 33. Ne7+ Kf8 34. Nc8 Nd7 35. Ke3 Ke8 36. Kd4 Kd8 37. Nd6 Ke7 38. Nc4 Kf8 39. h3 Ke7 40. Ne4 Nd5 41. Ned6 Kf8 42. f5 Ke7 43. g4 hxg4 44. hxg4 Kf8 45. g5 Nc7 46. Nc8 exf5 47. N8xb6 Ne6+ 48. Kd5 Ndc5 49. Nxa5 Ne4 50. Nb3 Ke7 51. a5 f6 52. exf6+ gxf6 53. g6 Nd6 54. g7 Nxg7 55. Kc6 Nge8 56. Nd5+ Ke6 57. b6 Nc4 1-0

[Event "Quebec-ch Elite"]
[Site "Montreal CAN"]
[Date "2011.10.09"]
[Round "4"]
[White "Castellanos Rodriguez, Renier"]
[Black "Kovalyov, Anton"]
[Result "1/2-1/2"]
[WhiteElo "2489"]
[BlackElo "2599"]
[PlyCount "44"]
[GameId "2160767909648131"]
[EventDate "2011.10.07"]
[EventType "swiss"]
[EventRounds "7"]
[EventCountry "CAN"]
[SourceTitle "EXT 2022"]
[Source "ChessBase"]
[SourceDate "2021.10.06"]
[SourceVersion "1"]
[SourceVersionDate "2021.10.06"]
[SourceQuality "1"]

1. e4 c5 2. Nf3 d6 3. d4 cxd4 4. Nxd4 Nf6 5. Nc3 a6 6. Bg5 Nbd7 7. Bc4 Qa5 8. Qd2 e6 9. f3 Be7 10. h4 Ne5 11. Bb3 Bd7 12. O-O-O Rc8 13. Kb1 Nc4 14. Bxc4 Rxc4 15. Nb3 Qc7 16. Bf4 Rc6 17. Rhe1 e5 18. Bg5 Be6 19. f4 h6 20. Bxf6 Bxf6 21. f5 Bc4 22. Qf2 b5 1/2-1/2

[Event "Quebec-ch Elite"]
[Site "Montreal CAN"]
[Date "2011.10.10"]
[Round "6"]
[White "Kovalyov, Anton"]
[Black "Sambuev, Bator"]
[Result "1/2-1/2"]
[WhiteElo "2599"]
[BlackElo "2578"]
[PlyCount "116"]
[GameId "2160767909648167"]
[EventDate "2011.10.07"]
[EventType "swiss"]
[EventRounds "7"]
[EventCountry "CAN"]
[SourceTitle "hb 2011"]

1. Nf3 c5 2. c4 Nc6 3. Nc3 e5 4. g3 g6 5. Bg2 Bg7 6. a3 a5 7. d3 d6 8. Nd2 Nge7 9. Nf1 Rb8 10. Rb1 O-O 11. Bd2 f5 12. Ne3 f4 13. Ned5 Nxd5 14. Nxd5 Bg4 15. h3 Bxe2 16. Kxe2 f3+ 17. Kf1 fxg2+ 18. Kxg2 b5 19. b3 Qd7 20. Qg4 Qf5 21. Qxf5 gxf5 22. Nc7 bxc4 23. bxc4 a4 24. Nb5 Rfd8 25. g4 f4 26. Nc3 Nd4 27. Rxb8 Rxb8 28. Rb1 f3+ 29. Kf1 Rxb1+ 30. Nxb1 Nc2 31. Bc1 e4 32. dxe4 Kf7 33. h4 Be5 34. h5 Ke6 35. g5 Kf7 36. Kg1 Ne1 37. Bd2 Nd3 38. Bc3 Bf4 39. Bd2 Be5 40. Bc3 Bf4 41. Bd2 Ke7 42. Bxf4 Nxf4 43. Kh2 Nxh5 44. Nc3 Ng7 45. Kg3 Ne6 46. Kxf3 Nxg5+ 47. Kg4 Kf6 48. f4 Ne6 49. Nxa4 h5+ 50. Kg3 h4+ 51. Kxh4 Nxf4 52. Nb6 Ke5 53. a4 Ne6 54. Kh5 Kxe4 55. Kg6 Nc7 56. Kf7 d5 57. cxd5 Nxd5 58. a5 Nb4 1/2-1/2

[Event "Quebec-ch Elite"]
[Site "Montreal CAN"]
[Date "2011.10.10"]
[Round "7"]
[White "MacKinnon, Keith"]
[Black "Kovalyov, Anton"]
[Result "1/2-1/2"]
[WhiteElo "2241"]
[BlackElo "2599"]
[PlyCount "90"]
[GameId "2160767909648178"]
[EventDate "2011.10.07"]
[EventType "swiss"]
[EventRounds "7"]
[EventCountry "CAN"]
[SourceTitle "hb 2011"]

1. e4 c5 2. Nf3 d6 3. d4 cxd4 4. Nxd4 Nf6 5. Nc3 a6 6. g3 e5 7. Nb3 Be7 8. a4 Be6 9. Bg2 Nc6 10. O-O Rc8 11. Nd5 O-O 12. a5 Nd7 13. Be3 Bg5 14. Re1 Bxe3 15. Rxe3 Ne7 16. Nxe7+ Qxe7 17. Rd3 Nc5 18. Nxc5 dxc5 19. Rd6 Rfd8 20. Rxd8+ Rxd8 21. Qe1 c4 22. Rd1 Rxd1 23. Qxd1 Qc7 24. Qd2 c3 25. Qxc3 Qxc3 26. bxc3 Kf8 27. f4 f6 28. Bf1 Ke7 29. Kf2 Kd6 30. Ke3 Kc5 31. Kd2 h6 32. Kc1 exf4 33. gxf4 g5 34. f5 Bd7 35. Kd2 Kd6 36. Ke3 Ke5 37. Be2 Bc6 38. Bf3 h5 39. h3 h4 40. c4 Ba4 41. Bd1 Be8 42. Bg4 Bd7 43. Bh5 Bc6 44. Bf3 Ba4 45. Bd1 Bc6 1/2-1/2

[Event "Quebec-ch Elite"]
[Site "Montreal CAN"]
[Date "2011.10.10"]
[Round "8"]
[White "Castellanos Rodriguez, Renier"]
[Black "Kovalyov, Anton"]
[Result "0-1"]
[WhiteElo "2489"]
[BlackElo "2599"]
[PlyCount "96"]
[GameId "2160767909648184"]
[EventDate "2011.10.07"]
[EventType "swiss"]
[EventRounds "7"]
[EventCountry "CAN"]
[SourceTitle "EXT 2022"]
[Source "ChessBase"]
[SourceDate "2021.10.06"]
[SourceVersion "1"]
[SourceVersionDate "2021.10.06"]
[SourceQuality "1"]

1. e4 c5 2. Nf3 d6 3. d4 cxd4 4. Nxd4 Nf6 5. Nc3 a6 6. Bg5 Nbd7 7. f4 Qc7 8. Qe2 e5 9. Nf5 h6 10. Bxf6 Nxf6 11. fxe5 dxe5 12. O-O-O Be6 13. g4 g6 14. Ne3 Bg7 15. h4 Rd8 16. Ncd5 Bxd5 17. exd5 e4 18. h5 Qe5 19. hxg6 fxg6 20. c3 b5 21. Kb1 O-O 22. g5 hxg5 23. Bh3 Nxd5 24. Nxd5 Rxd5 25. Rxd5 Qxd5 26. Bg4 e3 27. Qh2 Qe4+ 28. Ka1 Qxg4 29. Qh7+ Kf7 30. Rf1+ Qf4 31. Rxf4+ gxf4 32. Qh3 Re8 33. Qd7+ Re7 34. Qd5+ Ke8 35. Qa8+ Kd7 36. Qd5+ Kc7 37. Qc5+ Kd8 38. Qd6+ Ke8 39. Qc6+ Kf7 40. Qd5+ Re6 41. Qd7+ Kf6 42. Qd4+ Kf5 43. Qd5+ Re5 44. Qd7+ Ke4 45. Qc6+ Kf5 46. Qd7+ Kg5 47. Qxg7 Re6 48. Qf7 Re4 0-1